000 00684nam a2200253 a 4500
001 14321
003 BD-JhCC
005 20250303130119.0
008 250302b20172018e a|||| ||a| 001 0 eng d
020 _a9780241339725
035 _a(BD-JhCC)14321
040 _aBD-JhCC
_dBD-JhCC
041 _aenglish
082 _a809
_bLOR 2018
100 _a Lorde,Audre
245 _aThe Master's Tools Will Never Dismantle the Master's House /
_cAudre Lorde.
260 _aNew York:
_bPenguin Books;
_c2018.
300 _a64 p. :
_c16 cm.
490 _aPenguin Modern: 23
500 _aPenguin Modern: 23
650 _a Literary History & Criticism
942 _2ddc
_cBK
999 _c14321
_d14321